Leçons de pathologie expérimentale / (Record no. 151972)
[ view plain ]
| 000 -LEADER | |
|---|---|
| campo de control de longitud fija | 00748nam a22002055i 4500 |
| 001 - NÚMERO DE CONTROL | |
| campo de control | 151972 |
| 003 - IDENTIFICADOR DE NÚMERO DE CONTROL | |
| campo de control | ES-MaACL |
| 005 - FECHA Y HORA DE LA ÚLTIMA TRANSACCIÓN | |
| campo de control | 20250730063134.0 |
| 008 - DATOS DE LONGITUD FIJA--INFORMACIÓN GENERAL | |
| campo de control de longitud fija | 020916s1872 fr |||| | fre d |
| 040 ## - FUENTE DE CATALOGACIÓN | |
| Centro catalogador/agencia de origen | CCPB | B |
| Lengua de catalogación | spa |
| Centro/agencia transcriptor | CCPB | B |
| 100 1# - ENTRADA PRINCIPAL--NOMBRE DE PERSONA | |
| Nombre de persona | Bernard, Claude, |
| Fechas asociadas al nombre | 1813-1878 |
| 9 (RLIN) | 28231 |
| 245 10 - MENCIÓN DEL TÍTULO | |
| Título | Leçons de pathologie expérimentale / |
| Mención de responsabilidad, etc. | par Claude Bernard. |
| 260 ## - PUBLICACIÓN, DISTRIBUCIÓN, ETC. | |
| Lugar de publicación, distribución, etc. | Paris [etc.] : |
| Nombre del editor, distribuidor, etc. | Librairie J.-B. Baillière et fils [etc.], |
| Fecha de publicación, distribución, etc. | 1872 ( |
| Fabricante | imprimerie de E. Martinet) |
| 300 ## - DESCRIPCIÓN FÍSICA | |
| Extensión | X, [2], 604 p. ; |
| Dimensiones | 20 cm. |
| 490 1# - MENCIÓN DE SERIE | |
| Mención de serie | Cours de médecine du Collége de France |
| 650 #4 - PUNTO DE ACCESO ADICIONAL DE MATERIA--TÉRMINO DE MATERIA | |
| Término de materia o nombre geográfico como elemento de entrada | Patología. |
| 9 (RLIN) | 15884 |
| 830 0# - PUNTO DE ACCESO ADICIONAL DE SERIE-TÍTULO UNIFORME | |
| Título uniforme | Cours de médecine du Collége de France |
| 9 (RLIN) | 187688 |
| 852 ## - LOCALIZACIÓN | |
| Ubicación | ES-MaACL |
| Número de control de estantería | B-577 |
| Nota libre | -- Enc. hol. |
| Estatus retirado | Estado de pérdida | Estado de daño | No para préstamo | Colección | Biblioteca de origen | Biblioteca actual | Ubicación en estantería | Fecha de adquisición | Fuente de adquisición | Total de préstamos | Signatura topográfica completa | Código de barras | Visto por última vez | Precio de reemplazo | Tipo de ítem Koha |
|---|---|---|---|---|---|---|---|---|---|---|---|---|---|---|---|
| Libros del s. XIX | Biblioteca del Ateneo de Madrid | Biblioteca del Ateneo de Madrid | Sala Pardo Bazán | 17/01/2008 | B-577 | 1158630 | 23/02/2023 | 23/02/2023 | Libro impreso antiguo |
